La organización de las mujeres en el Sindicato nacional de Trabajadores de Agricultura y Recursos Hidráulicos (SNTARH) /
Kaydedildi:
| Yazar: | |
|---|---|
| Diğer Yazarlar: | |
| Materyal Türü: | Metin |
| Etiketler: |
Etiketle
Etiket eklenmemiş, İlk siz ekleyin!
|
MARC
| LEADER | 00000 a a2200000 04500 | ||
|---|---|---|---|
| 001 | 45766 | ||
| 003 | |||
| 040 | |a CRAI/IIS |c CRAI/IIS | ||
| 100 | |a Castillo Lara, Norma Leticia | ||
| 245 | |a La organización de las mujeres en el Sindicato nacional de Trabajadores de Agricultura y Recursos Hidráulicos (SNTARH) / |c Norma Leticia Castillo Lara y Ma. Elisa Villaescusa Valencia | ||
| 700 | |a 0.Elisa Villaescusa Valencia | ||
| 773 | |g número39 (1988), páginas 3-6 | ||
| 999 | |c 18452 |d 18452 | ||
